Central Library OPAC University of Rajshahi

Maps and diagrams : (Record no. 52125)

MARC details
000 -LEADER
fixed length control field 00971nam a2200301 a 4500
001 - CONTROL NUMBER
control field 52125
003 - CONTROL NUMBER IDENTIFIER
rucl marc code BD-RJUL
005 - DATE AND TIME OF LATEST TRANSACTION
control field 20211209075746.0
008 - FIXED-LENGTH DATA ELEMENTS--GENERAL INFORMATION
fixed length control field 160906s1963 enkabf b 001 0 eng d
020 ## - INTERNATIONAL STANDARD BOOK NUMBER
International Standard Book Number 0416682502 (pbk)
035 ## - SYSTEM CONTROL NUMBER
System control number (BD-RjUL) 52245
040 ## - CATALOGING SOURCE
Original cataloging agency BD-RjUL
Language of cataloging eng
Transcribing agency BD-RjUL
Modifying agency BD-RjUL
041 ## - LANGUAGE CODE
Language code of text/sound track or separate title eng
082 ## - DEWEY DECIMAL CLASSIFICATION NUMBER
Edition number 23
Classification number 526.8
Author mark and year MOM 1969
100 10 - MAIN ENTRY--PERSONAL NAME
Personal name Monkhouse, Francis John.
9 (RLIN) 155888
245 10 - TITLE STATEMENT
Title Maps and diagrams :
Remainder of title their compilation and construction /
Statement of responsibility, etc. F. J. Monkhouse and H. R. Wilkinson.
250 ## - EDITION STATEMENT
Edition statement 2nd ed.
260 ## - PUBLICATION, DISTRIBUTION, ETC. (IMPRINT)
Place of publication, distribution, etc. London :
Name of publisher, distributor, etc. Methuen,
Date of publication, distribution, etc. 1963 [reprinted 1969]
300 ## - PHYSICAL DESCRIPTION
Pagination xix, 432 p. :
Illustrations ill. ;
Size 22 cm.
490 1# - SERIES STATEMENT
Series statement University paperbacks ;
504 ## - BIBLIOGRAPHY, ETC. NOTE
Bibliography, etc Includes bibliographical references and index.
650 #0 - SUBJECT ADDED ENTRY--TOPICAL TERM
Topical term or geographic name as entry element Cartography.
9 (RLIN) 155889
Topical term or geographic name as entry element Charts, diagrams, etc.
9 (RLIN) 155890
700 1# - ADDED ENTRY--PERSONAL NAME
Personal name Wilkinson, Henry Robert.
830 #0 - SERIES ADDED ENTRY--UNIFORM TITLE
Uniform title University paperbacks ;
942 ## - ADDED ENTRY ELEMENTS (KOHA)
Source of classification or shelving scheme Dewey Decimal Classification
Koha item type Books
Holdings
Lost status Source of classification or shelving scheme Damaged status Not for loan Collection code Permanent Location Current Location Shelving location Date acquired Source of acquisition Cost, normal purchase price Total Checkouts Full call number Date last seen Copy number Koha item type
  Dewey Decimal Classification     Non-fiction Central Library, University of Rajshahi Central Library, University of Rajshahi   27/04/1973 Dacca ideal lib. 38.50   526.8 MOM 1969 06/09/2016 C-2 Books
  Dewey Decimal Classification     Non-fiction Central Library, University of Rajshahi Central Library, University of Rajshahi   27/04/1973 Dacca ideal lib. 38.50   526.8 MOM 1969 06/09/2016 C-3 Books
  Dewey Decimal Classification     Non-fiction Central Library, University of Rajshahi Central Library, University of Rajshahi   27/04/1973 Dacca ideal lib. 38.50   526.8 MOM 1969 06/09/2016 C-4 Books
  Dewey Decimal Classification     Non-fiction Central Library, University of Rajshahi Central Library, University of Rajshahi   02/05/1969 Pragon Enterprize ltd. 31.50   526.8 MOM 1969 06/09/2016 C-5 Books
  Dewey Decimal Classification     Non-fiction Central Library, University of Rajshahi Central Library, University of Rajshahi   22/11/1965 Zeitlinger 42.00   526.8 MOM 1969 05/11/2016 C-6 Books